• 首页
  • 本馆介绍
  • 公告通知
  • 最新文献
  • 馆藏检索
  • 电子资源
  • 读者导购
  • 参考咨询
  • 我的图书馆
  • 登录
  • 详细信息显示
  • 放入我的书架
  • 预约/预借图书
  • 作者相关作品
  • 分类相关作品
  • 丛书相关作品
  • 出版社相关作品

书目信息

  • 表格格式
  • 工作单格式
  • 卡片格式
题名:
理性与激情
    
 
作者: 杨耕, 著
分册:  
出版信息: 北京   中国青年出版社  2018
页数: 387页, [1] 叶图版
开本: 22cm
丛书名: 哲人哲思书系
单 册:
中图分类: B0-53
科图分类:
主题词: 哲学理论--zhe xue li lun--文集
电子资源:
ISBN: 978-7-5153-5021-9
000 01263nam 2200301 45
001 012001001713
005 20140921103355.0
010    @a978-7-5153-5021-9@b精装@dCNY59.00
100    @a20180226d2018 em y0chiy50 ea
101 0  @achi
102    @aCN@b110000
105    @aaf z 000yy
106    @ar
200 1  @a理性与激情@9li xing yu ji qing@d= Rationality and passion@f杨耕著@zeng
210    @a北京@c中国青年出版社@d2018
215    @a387页, [1] 叶图版@c图@d22cm
225 2  @a哲人哲思书系@9zhe ren zhe si shu xi@v3
300    @a“十三五”国家重点出版物出版规划项目图书
314    @a杨耕 (1956-),1991年毕业于中国人民大学,获哲学博士学位。现为北京师范大学哲学学院教授、博士生导师,代表作为《为马克思辩护: 对马克思哲学的一种新解读》、《危机中的重建: 关于唯物主义历史观的现代阐释》等。
330    @a本书的主要内容分为四部分:“哲学断想”“读史拾零”“读书札记”“思想对话”,内容丰富,既有学术研究前沿,又有用马克思主义观点分析实际的方法。
333    @a哲学理论学习人员及相关读者。
410  0 @12001 @a哲人哲思书系@v3
510 1  @aRationality and passion@zeng
606 0  @a哲学理论@9zhe xue li lun@j文集
690    @aB0-53@v5
701  0 @a杨耕,@9yang geng@f1956-@4著
801  0 @aCN@b上海新华@c20180901
905    @b1152232-6@dB0-53@e306@f5
    
    理性与激情= Rationality and passion/杨耕著.-北京:中国青年出版社,2018
    387页, [1] 叶图版:图;22cm.-(哲人哲思书系;3)
    “十三五”国家重点出版物出版规划项目图书.-使用对象:哲学理论学习人员及相关读者。
    
    ISBN 978-7-5153-5021-9(精装):CNY59.00
    本书的主要内容分为四部分:“哲学断想”“读史拾零”“读书札记”“思想对话”,内容丰富,既有学术研究前沿,又有用马克思主义观点分析实际的方法。
●
相关链接 在E读中查询图书 在五车中查询图书 在当当中查询图书 在豆瓣中查询图书


正题名:理性与激情     索取号:B0-53/306         预约/预借

序号 登录号 条形码 馆藏地/架位号 状态 备注
1 1152232   211522324   第一样本阅览室/ [索取号:B0-53/306] 在馆    
2 1152233   211522333   第一借阅区/ [索取号:B0-53/306] 在馆    
3 1152234   211522342   第一借阅区/ [索取号:B0-53/306] 在馆    
4 1152235   211522351   第一借阅区/ [索取号:B0-53/306] 在馆    
5 1152236   211522360   第一借阅区/ [索取号:B0-53/306] 已借出,限还日期为2026.10.31
借出人:高朝  
 
唐山师范学院图书馆 欢迎您!
大连网信软件有限公司© 版权所有